000 00485nam a2200169Ia 4500
999 _c21740
_d21740
003 OSt
005 20200602151428.0
008 190216s9999||||xx |||||||||||||| ||und||
020 _a9788130703572
040 _coclc
082 _a330.954
_bHUN/E
100 _aHunter, W W
_92497
245 0 _aEconomic History Of India /
_cW W Hunter
260 _bCosmo Publications,
_c2013.
_a New Delhi:
300 _a521p
942 _cBK
_2ddc
_h330.954
_iHUN/E
_k330.954
_mHUN/E